000 01123cam a2200313 a 4500
001 4857696
003 OSt
005 20230626091235.0
008 910412s1991 gw a b 001 0 eng
010 _a 91140832
020 _a3801201619 :
_cDM48.00
040 _aDLC
_cDLC
041 1 _aeng
_hger
043 _ae-gx---
_ae-gw---
050 0 0 _aHD6694
_b.S263313 1991
082 0 0 _a331.88/0943
_220
_bSCH
100 1 _aSchneider, Michael,
_d1944-
240 1 0 _aKleine Geschichte der Gewerkschaften.
_lEnglish
245 1 2 _aA brief history of the German trade unions /
_cMichael Schneider ; translated by Barrie Selman.
260 _aBonn :
_bJ.H.W. Dietz,
_cc1991.
300 _a422 p. :
_bill. ;
_c21 cm.
500 _aTranslation of: Kleine Geschichte der Gewerkschaften.
504 _aIncludes bibliographical references (p. 402-411) and index.
650 0 _aLabor unions
_zGermany
_xHistory.
650 0 _aLabor unions
_zGermany (West)
_xHistory.
906 _a7
_bcbc
_corignew
_d2
_encip
_f19
_gy-gencatlg
942 _2ddc
_cBK
999 _c2608
_d2608